[Event "ARG-ch Amateur"]
[Site "Termas de Rio Hondo"]
[Date "2019.11.18"]
[Round "7"]
[White "Abramson, Horacio"]
[Black "Herrera, Pablo Francisco"]
[Result "0-1"]
[WhiteElo "2221"]
[BlackElo "2038"]
[PlyCount "80"]
[EventDate "2019.11.15"]
[EventType "swiss"]
[EventRounds "7"]
[EventCountry "ARG"]
[SourceTitle "CBM 193 Extra"]
[Source "ChessBase"]
[SourceDate "2020.01.31"]
[SourceVersion "1"]
[SourceVersionDate "2020.01.31"]
[SourceQuality "1"]

1. d4 Nf6 2. g3 g6 3. Bg2 Bg7 4. Nf3 d6 5. 0-0 0-0 6. c4 Nbd7 7. Nc3 e5 8. e4 exd4 9. Nxd4 Re8 10. Re1 a5 11. b3 Nc5 12. Bb2 Nfd7 13. f4 c6 14. Kh1 Qb6 15. Rb1 a4 16. Ba1 axb3 17. axb3 Nf6 18. h3 Nh5 19. Kh2 Bd7 20. Nde2 Be6 21. g4 Nxf4 22. Nxf4 Be5 23. Nce2 Rxa1 24. Rxa1 g5 25. Rb1 gxf4 26. Kh1 h5 27. Bf3 hxg4 28. hxg4 Qd8 29. Rg1 Qg5 30. Rg2 Kg7 31. Qg1 Qg6 32. Nd4 Rh8+ 33. Rh2 Rxh2+ 34. Kxh2 Qh7+ 35. Kg2 Nxe4 36. Nf5+ Bxf5 37. gxf5 Qxf5 38. Bxe4 Qxe4+ 39. Kh3+ Kf6 40. Qh1 Qd3+ 0-1

[Event "ARG-ch Amateur"]
[Site "Termas de Rio Hondo"]
[Date "2019.11.16"]
[Round "3"]
[White "Herrera, Pablo Francisco"]
[Black "Ligotti, Jorge Luis"]
[Result "1-0"]
[WhiteElo "2038"]
[BlackElo "1905"]
[PlyCount "101"]
[EventDate "2019.11.15"]
[EventType "swiss"]
[EventRounds "7"]
[EventCountry "ARG"]
[SourceTitle "CBM 193 Extra"]
[Source "ChessBase"]
[SourceDate "2020.01.31"]
[SourceVersion "1"]
[SourceVersionDate "2020.01.31"]
[SourceQuality "1"]

1. c4 e5 2. Nc3 Nf6 3. g3 d5 4. cxd5 Nxd5 5. Bg2 c6 6. d3 Bc5 7. Nf3 f6 8. 0-0 Bg4 9. h3 Bh5 10. Bd2 0-0 11. Rc1 Na6 12. Qb3 Qb6 13. Qc2 Nab4 14. Qb1 Nxc3 15. bxc3 Nd5 16. Qc2 Bf7 17. Rb1 Qc7 18. e4 Nb6 19. Nh4 g6 20. Kh1 Rad8 21. f4 Rd7 22. fxe5 fxe5 23. Bh6 Rfd8 24. Rbd1 Bf8 25. Bg5 Be7 26. Be3 c5 27. c4 Nc8 28. Nf3 Bf6 29. Ng5 Bg7 30. h4 h6 31. Nxf7 Rxf7 32. Bh3 Rff8 33. Be6+ Kh8 34. Qd2 Kh7 35. h5 Ne7 36. hxg6+ Nxg6 37. Bf5 Qd6 38. Kg2 Rf6 39. Rh1 Kg8 40. Qe2 Ne7 41. g4 Nxf5 42. gxf5 Kf7 43. Kf2 b6 44. Qh5+ Ke7 45. Rhg1 Bf8 46. Ke2 Kd7 47. Rg6 Kc6 48. Bxh6 Bxh6 49. Qxh6 Rdf8 50. Rdg1 R8f7 51. Rxf6 1-0